00733nam a22002057a 450000500170000001000150001702000260003203500130005803700130007108200080008410000190009224500840011126000360019527000630023130000230029450000500031794200220036799900170038995201210040620130515104952.0 aENG-107129 a9789380902791c675.00 aEN-90662 bDBAD/PUB a882 aAgarwal, Beena10aContemporary Indian English drama :cby Beena Agarwalbcanons and commitments / aJaipurbAadi Publicationsc2012 a18, Jain Bhawan, Opp. N.B.C., Shanti NagarbJaipure302006 ax, 174p.c22cm(Hb) aIncludes bibliographical references and index 2ddccENmAGAh882 c75556d75556 001040718NFICaDBADbDBADd2013-05-14eDBAD/PUBg675.00l0o882 AGApEN-90662r2013-05-14 00:00:00t1v675.00yEN